000 00710nam a2200241Ia 4500
003 OSt
005 20220918191056.0
006 a|||||r|||| 00| 0
007 ta
008 220917b |||||||| |||| 00| 0 eng d
024 _a61,311
037 _cTextual
040 _aARTS
_cARTS
_beng
041 _2eng
_aeng
082 _aQ22v221, M2(P15)
100 _aAiyangar V N Ramaswami
_974835
245 0 _aWhere do North and South meet
_b an exploration of vaishnavism and Indian culture
260 _aNew Delhi
_bBahari publication
_c1982
300 _aiii,170p
_ccm.
650 _aRELIGION
942 _hQ22v221, M2(P15)
_cTEXL
_2CC
999 _c188173
_d188173